<?xml version="1.0" encoding="UTF-8"?><marc:collection xmlns:marc="http://www.loc.gov/MARC21/slim">
  <marc:record>
    <marc:leader>04927nas a2200841 c 4500</marc:leader>
    <marc:controlfield tag="001">01005538X</marc:controlfield>
    <marc:controlfield tag="003">DE-101</marc:controlfield>
    <marc:controlfield tag="005">20250311200137.0</marc:controlfield>
    <marc:controlfield tag="007">tu</marc:controlfield>
    <marc:controlfield tag="008">991118d19251985sz b||p|  ||| 0||||1ger c</marc:controlfield>
    <marc:datafield tag="015" ind1=" " ind2=" ">
      <marc:subfield code="a">86,B36,0012</marc:subfield>
      <marc:subfield code="a">74,B10,0035</marc:subfield>
      <marc:subfield code="2">dnb</marc:subfield>
    </marc:datafield>
    <marc:datafield tag="016" ind1="7" ind2=" ">
      <marc:subfield code="2">DE-600</marc:subfield>
      <marc:subfield code="a">3697-3</marc:subfield>
    </marc:datafield>
    <marc:datafield tag="016" ind1="7" ind2=" ">
      <marc:subfield code="2">DE-101</marc:subfield>
      <marc:subfield code="a">01005538X</marc:subfield>
    </marc:datafield>
    <marc:datafield tag="022" ind1=" " ind2=" ">
      <marc:subfield code="a">0042-3807</marc:subfield>
    </marc:datafield>
    <marc:datafield tag="035" ind1=" " ind2=" ">
      <marc:subfield code="a">(DE-599)ZDB3697-3</marc:subfield>
    </marc:datafield>
    <marc:datafield tag="035" ind1=" " ind2=" ">
      <marc:subfield code="a">(OCoLC)643479758</marc:subfield>
    </marc:datafield>
    <marc:datafield tag="040" ind1=" " ind2=" ">
      <marc:subfield code="a">9001</marc:subfield>
      <marc:subfield code="b">ger</marc:subfield>
      <marc:subfield code="c">DE-101</marc:subfield>
      <marc:subfield code="d">9999</marc:subfield>
    </marc:datafield>
    <marc:datafield tag="041" ind1=" " ind2=" ">
      <marc:subfield code="a">ger</marc:subfield>
    </marc:datafield>
    <marc:datafield tag="042" ind1=" " ind2=" ">
      <marc:subfield code="a">zdb</marc:subfield>
    </marc:datafield>
    <marc:datafield tag="044" ind1=" " ind2=" ">
      <marc:subfield code="c">XA-CH</marc:subfield>
    </marc:datafield>
    <marc:datafield tag="082" ind1="7" ind2="4">
      <marc:subfield code="a">020</marc:subfield>
      <marc:subfield code="q">DE-101</marc:subfield>
      <marc:subfield code="2">22sdnb</marc:subfield>
    </marc:datafield>
    <marc:datafield tag="083" ind1="7" ind2=" ">
      <marc:subfield code="a">020</marc:subfield>
      <marc:subfield code="q">DE-600</marc:subfield>
      <marc:subfield code="2">22sdnb</marc:subfield>
    </marc:datafield>
    <marc:datafield tag="084" ind1=" " ind2=" ">
      <marc:subfield code="a">AN 10100</marc:subfield>
      <marc:subfield code="2">rvk</marc:subfield>
    </marc:datafield>
    <marc:datafield tag="084" ind1=" " ind2=" ">
      <marc:subfield code="a">INF 100z</marc:subfield>
      <marc:subfield code="a">INF 160z</marc:subfield>
      <marc:subfield code="2">stub</marc:subfield>
    </marc:datafield>
    <marc:datafield tag="110" ind1="2" ind2=" ">
      <marc:subfield code="0">(DE-588)43295-7</marc:subfield>
      <marc:subfield code="0">https://d-nb.info/gnd/43295-7</marc:subfield>
      <marc:subfield code="0">(DE-101)000432954</marc:subfield>
      <marc:subfield code="a">Vereinigung Schweizerischer Bibliothekare</marc:subfield>
      <marc:subfield code="e">Verfasser</marc:subfield>
      <marc:subfield code="4">aut</marc:subfield>
      <marc:subfield code="2">gnd</marc:subfield>
    </marc:datafield>
    <marc:datafield tag="210" ind1="0" ind2="0">
      <marc:subfield code="a">Nachr. nouv. not.,Bern,CH</marc:subfield>
    </marc:datafield>
    <marc:datafield tag="245" ind1="1" ind2="0">
      <marc:subfield code="a">Nachrichten VSB SVD</marc:subfield>
      <marc:subfield code="b">= Nouvelles ABS ASD = Notizie ABS ASD</marc:subfield>
      <marc:subfield code="c">Vereinigung Schweizerischer Bibliothekare ; Schweizerische Vereinigung für Dokumentation</marc:subfield>
    </marc:datafield>
    <marc:datafield tag="246" ind1="1" ind2="1">
      <marc:subfield code="a">Nouvelles ABS ASD</marc:subfield>
    </marc:datafield>
    <marc:datafield tag="246" ind1="1" ind2="1">
      <marc:subfield code="a">Notizie ABS ASD</marc:subfield>
    </marc:datafield>
    <marc:datafield tag="247" ind1="0" ind2="0">
      <marc:subfield code="a">Nachrichten</marc:subfield>
      <marc:subfield code="f">Hauptsacht. bis 23.1947 u. 29.1953 - 50.1974</marc:subfield>
    </marc:datafield>
    <marc:datafield tag="247" ind1="0" ind2="0">
      <marc:subfield code="a">Nachrichten der Vereinigung Schweizer. Bibliothekare und der Schweizer. Vereinigung für Dokumentation</marc:subfield>
      <marc:subfield code="f">24.1948 - 28.1952</marc:subfield>
    </marc:datafield>
    <marc:datafield tag="247" ind1="0" ind2="0">
      <marc:subfield code="a">Nouvelles</marc:subfield>
      <marc:subfield code="f">1. Parallelsacht. bis 23.1947 u. 29.1953 - 50.1974</marc:subfield>
    </marc:datafield>
    <marc:datafield tag="247" ind1="0" ind2="0">
      <marc:subfield code="a">Nouvelles de l'Association des Bibliothécaires Suisses et de l'Association Suisse de Documentation</marc:subfield>
      <marc:subfield code="f">24.1948 - 28.1952</marc:subfield>
    </marc:datafield>
    <marc:datafield tag="247" ind1="0" ind2="0">
      <marc:subfield code="a">Notizie</marc:subfield>
      <marc:subfield code="f">2. Parallelsacht. 36.1960 - 50.1974</marc:subfield>
    </marc:datafield>
    <marc:datafield tag="264" ind1="3" ind2="1">
      <marc:subfield code="a">Bern</marc:subfield>
      <marc:subfield code="b">Schweiz. Landesbibl.</marc:subfield>
      <marc:subfield code="c">1925-1985</marc:subfield>
    </marc:datafield>
    <marc:datafield tag="336" ind1=" " ind2=" ">
      <marc:subfield code="a">Text</marc:subfield>
      <marc:subfield code="b">txt</marc:subfield>
      <marc:subfield code="2">rdacontent</marc:subfield>
    </marc:datafield>
    <marc:datafield tag="337" ind1=" " ind2=" ">
      <marc:subfield code="a">ohne Hilfsmittel zu benutzen</marc:subfield>
      <marc:subfield code="b">n</marc:subfield>
      <marc:subfield code="2">rdamedia</marc:subfield>
    </marc:datafield>
    <marc:datafield tag="338" ind1=" " ind2=" ">
      <marc:subfield code="a">Band</marc:subfield>
      <marc:subfield code="b">nc</marc:subfield>
      <marc:subfield code="2">rdacarrier</marc:subfield>
    </marc:datafield>
    <marc:datafield tag="362" ind1="0" ind2=" ">
      <marc:subfield code="a">1.F. [1.]1925,März - [4.]1928,Febr.; [N.F. 4.]1928,Mai-Juli [= Nr. 1-3]; N.F. [4.]1928,Sept. - [11.]1935 = Nr. 4-45; 12.1936 - 61.1985</marc:subfield>
    </marc:datafield>
    <marc:datafield tag="363" ind1="0" ind2="0">
      <marc:subfield code="8">1.1\x</marc:subfield>
      <marc:subfield code="a">1</marc:subfield>
      <marc:subfield code="i">1925</marc:subfield>
    </marc:datafield>
    <marc:datafield tag="363" ind1="1" ind2="0">
      <marc:subfield code="8">1.2\x</marc:subfield>
      <marc:subfield code="a">4</marc:subfield>
      <marc:subfield code="i">1928</marc:subfield>
    </marc:datafield>
    <marc:datafield tag="363" ind1="0" ind2="0">
      <marc:subfield code="8">2.1\x</marc:subfield>
      <marc:subfield code="a">4</marc:subfield>
      <marc:subfield code="i">1928</marc:subfield>
    </marc:datafield>
    <marc:datafield tag="363" ind1="0" ind2="0">
      <marc:subfield code="8">3.1\x</marc:subfield>
      <marc:subfield code="a">4</marc:subfield>
      <marc:subfield code="i">1928</marc:subfield>
    </marc:datafield>
    <marc:datafield tag="363" ind1="1" ind2="0">
      <marc:subfield code="8">3.2\x</marc:subfield>
      <marc:subfield code="a">11</marc:subfield>
      <marc:subfield code="i">1935</marc:subfield>
    </marc:datafield>
    <marc:datafield tag="363" ind1="0" ind2="0">
      <marc:subfield code="8">4.1\x</marc:subfield>
      <marc:subfield code="a">12</marc:subfield>
      <marc:subfield code="i">1936</marc:subfield>
    </marc:datafield>
    <marc:datafield tag="363" ind1="1" ind2="0">
      <marc:subfield code="8">4.2\x</marc:subfield>
      <marc:subfield code="a">61</marc:subfield>
      <marc:subfield code="i">1985</marc:subfield>
    </marc:datafield>
    <marc:datafield tag="500" ind1=" " ind2=" ">
      <marc:subfield code="a">1925 - 28 maschinenschr. vervielf</marc:subfield>
    </marc:datafield>
    <marc:datafield tag="550" ind1=" " ind2=" ">
      <marc:subfield code="a">2. Uhr. ab 24.1948</marc:subfield>
    </marc:datafield>
    <marc:datafield tag="591" ind1=" " ind2=" ">
      <marc:subfield code="a">F/GBC</marc:subfield>
    </marc:datafield>
    <marc:datafield tag="610" ind1="2" ind2="7">
      <marc:subfield code="0">(DE-588)5088001-9</marc:subfield>
      <marc:subfield code="0">https://d-nb.info/gnd/5088001-9</marc:subfield>
      <marc:subfield code="0">(DE-101)050880012</marc:subfield>
      <marc:subfield code="a">Verband der Bibliotheken und der Bibliothekarinnen, Bibliothekare der Schweiz</marc:subfield>
      <marc:subfield code="9">rswk-swf</marc:subfield>
      <marc:subfield code="2">gnd</marc:subfield>
    </marc:datafield>
    <marc:datafield tag="610" ind1="2" ind2="7">
      <marc:subfield code="0">(DE-588)5088001-9</marc:subfield>
      <marc:subfield code="0">https://d-nb.info/gnd/5088001-9</marc:subfield>
      <marc:subfield code="0">(DE-101)050880012</marc:subfield>
      <marc:subfield code="a">Verband der Bibliotheken und der Bibliothekarinnen, Bibliothekare der Schweiz</marc:subfield>
      <marc:subfield code="9">rswk-swf</marc:subfield>
      <marc:subfield code="2">gnd</marc:subfield>
    </marc:datafield>
    <marc:datafield tag="650" ind1=" " ind2="7">
      <marc:subfield code="0">(DE-588)4067488-5</marc:subfield>
      <marc:subfield code="0">https://d-nb.info/gnd/4067488-5</marc:subfield>
      <marc:subfield code="0">(DE-101)040674886</marc:subfield>
      <marc:subfield code="a">Zeitschrift</marc:subfield>
      <marc:subfield code="9">rswk-swf</marc:subfield>
      <marc:subfield code="2">gnd</marc:subfield>
    </marc:datafield>
    <marc:datafield tag="655" ind1=" " ind2="7">
      <marc:subfield code="0">(DE-588)4067488-5</marc:subfield>
      <marc:subfield code="0">https://d-nb.info/gnd/4067488-5</marc:subfield>
      <marc:subfield code="0">(DE-101)040674886</marc:subfield>
      <marc:subfield code="a">Zeitschrift</marc:subfield>
      <marc:subfield code="2">gnd-content</marc:subfield>
    </marc:datafield>
    <marc:datafield tag="655" ind1=" " ind2="7">
      <marc:subfield code="a">Zeitschrift</marc:subfield>
      <marc:subfield code="9">rswk-swf</marc:subfield>
      <marc:subfield code="2">gnd</marc:subfield>
    </marc:datafield>
    <marc:datafield tag="689" ind1="0" ind2="0">
      <marc:subfield code="0">(DE-588)5088001-9</marc:subfield>
      <marc:subfield code="0">https://d-nb.info/gnd/5088001-9</marc:subfield>
      <marc:subfield code="0">(DE-101)050880012</marc:subfield>
      <marc:subfield code="D">b</marc:subfield>
      <marc:subfield code="a">Verband der Bibliotheken und der Bibliothekarinnen, Bibliothekare der Schweiz</marc:subfield>
    </marc:datafield>
    <marc:datafield tag="689" ind1="0" ind2="1">
      <marc:subfield code="0">(DE-588)4067488-5</marc:subfield>
      <marc:subfield code="0">https://d-nb.info/gnd/4067488-5</marc:subfield>
      <marc:subfield code="0">(DE-101)040674886</marc:subfield>
      <marc:subfield code="D">s</marc:subfield>
      <marc:subfield code="a">Zeitschrift</marc:subfield>
    </marc:datafield>
    <marc:datafield tag="689" ind1="0" ind2=" ">
      <marc:subfield code="5">DE-600</marc:subfield>
      <marc:subfield code="5">DE-600</marc:subfield>
    </marc:datafield>
    <marc:datafield tag="689" ind1="1" ind2="0">
      <marc:subfield code="0">(DE-588)5088001-9</marc:subfield>
      <marc:subfield code="0">https://d-nb.info/gnd/5088001-9</marc:subfield>
      <marc:subfield code="0">(DE-101)050880012</marc:subfield>
      <marc:subfield code="D">b</marc:subfield>
      <marc:subfield code="a">Verband der Bibliotheken und der Bibliothekarinnen, Bibliothekare der Schweiz</marc:subfield>
    </marc:datafield>
    <marc:datafield tag="689" ind1="1" ind2="1">
      <marc:subfield code="A">f</marc:subfield>
      <marc:subfield code="a">Zeitschrift</marc:subfield>
    </marc:datafield>
    <marc:datafield tag="689" ind1="1" ind2=" ">
      <marc:subfield code="5">DE-600</marc:subfield>
      <marc:subfield code="5">DE-600</marc:subfield>
    </marc:datafield>
    <marc:datafield tag="710" ind1="2" ind2=" ">
      <marc:subfield code="0">(DE-588)43296-9</marc:subfield>
      <marc:subfield code="0">https://d-nb.info/gnd/43296-9</marc:subfield>
      <marc:subfield code="0">(DE-101)000432962</marc:subfield>
      <marc:subfield code="a">Schweizerische Vereinigung für Dokumentation</marc:subfield>
      <marc:subfield code="e">Herausgebendes Organ</marc:subfield>
      <marc:subfield code="4">isb</marc:subfield>
      <marc:subfield code="2">gnd</marc:subfield>
    </marc:datafield>
    <marc:datafield tag="770" ind1="0" ind2="8">
      <marc:subfield code="i">Supplement</marc:subfield>
      <marc:subfield code="t">Schweizerische Bibliotheksstatistik</marc:subfield>
      <marc:subfield code="d">Bern : [Verlag nicht ermittelbar], 1951-1974</marc:subfield>
      <marc:subfield code="w">(DE-600)517649-9</marc:subfield>
      <marc:subfield code="w">(DE-101)01274381X</marc:subfield>
    </marc:datafield>
    <marc:datafield tag="770" ind1="0" ind2="8">
      <marc:subfield code="i">Supplement</marc:subfield>
      <marc:subfield code="t">Schweizerische Bibliotheken</marc:subfield>
      <marc:subfield code="d">Neuchâtel : Bundesamt für Statistik, 1974-2003</marc:subfield>
      <marc:subfield code="w">(DE-600)281711-1</marc:subfield>
      <marc:subfield code="w">(DE-101)011752750</marc:subfield>
    </marc:datafield>
    <marc:datafield tag="770" ind1="0" ind2="8">
      <marc:subfield code="i">Supplement</marc:subfield>
      <marc:subfield code="a">Vereinigung Schweizerischer Bibliothekare</marc:subfield>
      <marc:subfield code="t">Who is who der VSB, SVD / ASD</marc:subfield>
      <marc:subfield code="d">Bern : [Verlag nicht ermittelbar], 1978-1985</marc:subfield>
      <marc:subfield code="w">(DE-600)990687-3</marc:subfield>
      <marc:subfield code="w">(DE-101)015285626</marc:subfield>
    </marc:datafield>
    <marc:datafield tag="772" ind1="0" ind2="8">
      <marc:subfield code="i">1928 in</marc:subfield>
      <marc:subfield code="t">Bulletin für Schweizer Sammler</marc:subfield>
      <marc:subfield code="d">Bern : Apiarius, 1927-1928</marc:subfield>
      <marc:subfield code="w">(DE-600)517644-X</marc:subfield>
      <marc:subfield code="w">(DE-101)012743763</marc:subfield>
    </marc:datafield>
    <marc:datafield tag="772" ind1="0" ind2="8">
      <marc:subfield code="i">1929 - 1942 in</marc:subfield>
      <marc:subfield code="t">&#152;Der&#156; Schweizer Sammler</marc:subfield>
      <marc:subfield code="d">Bern : Apiarius, 1929-1942</marc:subfield>
      <marc:subfield code="w">(DE-600)517645-1</marc:subfield>
      <marc:subfield code="w">(DE-101)012743771</marc:subfield>
    </marc:datafield>
    <marc:datafield tag="772" ind1="0" ind2="8">
      <marc:subfield code="i">1929 - 1942 in</marc:subfield>
      <marc:subfield code="t">&#152;Der&#156; Schweizer Sammler und Familienforscher</marc:subfield>
      <marc:subfield code="d">Bern : Apiarius, 1934-1937</marc:subfield>
      <marc:subfield code="w">(DE-600)517646-3</marc:subfield>
      <marc:subfield code="w">(DE-101)01274378X</marc:subfield>
    </marc:datafield>
    <marc:datafield tag="776" ind1="0" ind2="8">
      <marc:subfield code="i">Elektronische Reproduktion</marc:subfield>
      <marc:subfield code="a">Vereinigung Schweizerischer Bibliothekare</marc:subfield>
      <marc:subfield code="t">Nachrichten VSB SVD</marc:subfield>
      <marc:subfield code="d">Bern : Schweiz. Landesbibl., 1975-1985</marc:subfield>
      <marc:subfield code="w">(DE-600)2942088-X</marc:subfield>
      <marc:subfield code="w">(DE-101)1166663272</marc:subfield>
    </marc:datafield>
    <marc:datafield tag="785" ind1="0" ind2="0">
      <marc:subfield code="i">Forts.:</marc:subfield>
      <marc:subfield code="t">ARBIDO / Bulletin</marc:subfield>
      <marc:subfield code="d">Bern : Stadt- u. Univ. Bibl. Bern, 1986-1994</marc:subfield>
      <marc:subfield code="x">0258-0764</marc:subfield>
      <marc:subfield code="w">(DE-600)631481-8</marc:subfield>
      <marc:subfield code="w">(DE-101)013662392</marc:subfield>
    </marc:datafield>
    <marc:datafield tag="785" ind1="0" ind2="0">
      <marc:subfield code="i">Forts.:</marc:subfield>
      <marc:subfield code="t">ARBIDO / Revue</marc:subfield>
      <marc:subfield code="d">Bern : Stadt- u. Univ. Bibl. Bern, 1986-1994</marc:subfield>
      <marc:subfield code="x">0258-0772</marc:subfield>
      <marc:subfield code="w">(DE-600)631482-X</marc:subfield>
      <marc:subfield code="w">(DE-101)013662406</marc:subfield>
    </marc:datafield>
    <marc:datafield tag="850" ind1=" " ind2=" ">
      <marc:subfield code="a">DE-101a</marc:subfield>
      <marc:subfield code="a">DE-101b</marc:subfield>
    </marc:datafield>
    <marc:datafield tag="889" ind1=" " ind2=" ">
      <marc:subfield code="w">(DE-101)551184043</marc:subfield>
    </marc:datafield>
    <marc:datafield tag="889" ind1=" " ind2=" ">
      <marc:subfield code="w">(DE-101)540338087</marc:subfield>
    </marc:datafield>
  </marc:record>
</marc:collection>
